000 00355nam a22001577a 4500
003 SGT
020 _a9788174733023
082 _a614.7
_bE20S
100 _aSINHA, SHRADHA
245 _aA TB. OF ENVIRONMANTAL STUDIES
250 _a3RD
260 _aINDIA
_bAITBS PUB
_c2020
300 _a327
650 _aENVIRONMANTAL STUDIES
942 _2ddc
_cBK
_090
999 _c21969
_d21969